Modern physics for scientists and engineers / (Record no. 9053)
[ view plain ]
| 000 -LEADER | |
|---|---|
| fixed length control field | 01062cam a2200301 a 4500 |
| 001 - CONTROL NUMBER | |
| control field | 9053 |
| 003 - CONTROL NUMBER IDENTIFIER | |
| rucl marc code | BD-RjUL |
| 005 - DATE AND TIME OF LATEST TRANSACTION | |
| control field | 20211208234716.0 |
| 008 - FIXED-LENGTH DATA ELEMENTS--GENERAL INFORMATION | |
| fixed length control field | 140120r2004 njua b 001 0 eng |
| 020 ## - INTERNATIONAL STANDARD BOOK NUMBER | |
| International Standard Book Number | 013805715X |
| 035 ## - SYSTEM CONTROL NUMBER | |
| System control number | (BD-RjUL) 9098 |
| 040 ## - CATALOGING SOURCE | |
| Original cataloging agency | DLC |
| Transcribing agency | DLC |
| Modifying agency | DLC |
| -- | BD-RjUL |
| Language of cataloging | eng |
| 041 ## - LANGUAGE CODE | |
| Language code of text/sound track or separate title | eng |
| 082 00 - DEWEY DECIMAL CLASSIFICATION NUMBER | |
| Classification number | 530 |
| Edition number | 21 |
| Author mark and year | TAM 2005 |
| 100 1# - MAIN ENTRY--PERSONAL NAME | |
| Personal name | Taylor, John R. |
| Fuller form of name | (John Robert), |
| Dates associated with a name | 1939- |
| 9 (RLIN) | 27687 |
| 245 10 - TITLE STATEMENT | |
| Title | Modern physics for scientists and engineers / |
| Statement of responsibility, etc. | John R Taylor, Chris D Zafiratos and Michael A Dubson. |
| 250 ## - EDITION STATEMENT | |
| Edition statement | 2nd ed. |
| 260 ## - PUBLICATION, DISTRIBUTION, ETC. (IMPRINT) | |
| Place of publication, distribution, etc. | India ; |
| -- | Upper Saddle River, NJ : |
| Name of publisher, distributor, etc. | Pearson Prentice Hall, |
| Date of publication, distribution, etc. | c2004 [reprinted] |
| 300 ## - PHYSICAL DESCRIPTION | |
| Pagination | xvi, 720 p. : |
| Illustrations | ill. (some col.) ; |
| Size | 27 cm. |
| 504 ## - BIBLIOGRAPHY, ETC. NOTE | |
| Bibliography, etc | Includes bibliographical references (p. 697-698) and index. |
| 650 #0 - SUBJECT ADDED ENTRY--TOPICAL TERM | |
| Topical term or geographic name as entry element | Physics. |
| 9 (RLIN) | 28102 |
| 700 1# - ADDED ENTRY--PERSONAL NAME | |
| Personal name | Zafiratos, Chris D. |
| Personal name | Dubson, Michael Andrew, |
| Dates associated with a name | 1956- |
| 856 41 - ELECTRONIC LOCATION AND ACCESS | |
| Materials specified | Table of contents |
| Uniform Resource Identifier | <a href="http://www.loc.gov/catdir/toc/fy042/2002038199.html">http://www.loc.gov/catdir/toc/fy042/2002038199.html</a> |
| 942 ## - ADDED ENTRY ELEMENTS (KOHA) | |
| Source of classification or shelving scheme | Dewey Decimal Classification |
| Koha item type | Books |
| Lost status | Source of classification or shelving scheme | Damaged status | Not for loan | Collection code | Permanent Location | Current Location | Shelving location | Date acquired | Source of acquisition | Cost, normal purchase price | Total Checkouts | Full call number | Date last seen | Copy number | Koha item type |
|---|---|---|---|---|---|---|---|---|---|---|---|---|---|---|---|
| Dewey Decimal Classification | Non-fiction | Central Library, University of Rajshahi | Central Library, University of Rajshahi | 23/04/2008 | paragon Enterprises Dhaka | 395.00 | 530 TAM 2005 | 20/01/2014 | C-2 | Books |